Literatura, mujer y sexismo

Kaydedildi:
Detaylı Bibliyografya
Yazar: Calvo, Yadira
Materyal Türü: Kitap
Dil:Undetermined
Baskı/Yayın Bilgisi: San José, Costa Rica Editorial Costa Rica 1993
Konular:
Etiketler: Etiketle
Etiket eklenmemiş, İlk siz ekleyin!

MARC

LEADER 00000nam a2200000Ia 4500
008 170316s9999 xx 000 0 und d
090 |a 801 C-3L 
100 |a Calvo, Yadira 
245 |a Literatura, mujer y sexismo 
260 |a San José, Costa Rica 
260 |b Editorial Costa Rica 
260 |c 1993 
300 |a 143 páginas 
650 |a TEORÍA LITERARIA 
650 |a MUJER 
650 |a CUESTIONES SOCIALES 
650 |a LAS TRAQUINIAS 
650 |a MELIBEA 
999 |c 20202  |d 20202 
040 |a cru BVZT 
942 |c 15 D  |h 801 C-3L  |2 z